Visualizzazione normale
Vista MARC
- Francesco Chiesa
di Personal Name
Records bibliografici associati: 1
001 - CONTROL NUMBER
- control field: 349
003 - CONTROL NUMBER IDENTIFIER
- control field: IT-RoPau
005 - DATE AND TIME OF LATEST TRANSACTION
- control field: 20130204112953.0
008 - FIXED-LENGTH DATA ELEMENTS
- fixed length control field: 130204|| aca||aabn | a|a d
040 ## - CATALOGING SOURCE
- Original cataloging agency: IT-RoPau
- Transcribing agency: IT-RoPau
100 ## - HEADING--PERSONAL NAME
- Personal name: Francesco Chiesa
670 ## - SOURCE DATA FOUND
- Source citation: Work cat.: (IT-RoPau)30917: Francesco Chiesa, Fiat pax! Enciclica Summi Puntificatus - Pio XII. Schiarimenti e testo.